Privacy and freedom

Gespeichert in:
Bibliographische Detailangaben
1. Verfasser: Westin, Alan F.
Format: Buch
Sprache:Undetermined
Veröffentlicht: London Bodley Head 1970
Schlagworte:
Tags: Tag hinzufügen
Keine Tags, Fügen Sie den ersten Tag hinzu!
Thư viện lưu trữ: Trung tâm Học liệu Trường Đại học Cần Thơ
LEADER 00488nam a2200193Ia 4500
001 CTU_88308
008 210402s9999 xx 000 0 und d
082 |a 342 
082 |b W516 
100 |a Westin, Alan F. 
245 0 |a Privacy and freedom 
245 0 |c Alan F. Westin 
260 |a London 
260 |b Bodley Head 
260 |c 1970 
650 |a Privacy, right of 
650 |z United states 
904 |i Năm,Hải 
980 |a Trung tâm Học liệu Trường Đại học Cần Thơ